Языковая подготовка студентов технических вузов на основе интегрированного подхода к инженерному образованию; Молодой ученый; № 9

Dettagli Bibliografici
Parent link:Молодой ученый: ежемесячный научный журнал.— , 2008-
№ 9.— 2015.— [С. 1176-1179]
Autore principale: Рыбушкина С. В. Светлана Владимировна
Ente Autore: Национальный исследовательский Томский политехнический университет (ТПУ) Институт кибернетики (ИК) Кафедра иностранных языков института кибернетики (ИЯИК)
Riassunto:Заглавие с экрана
В условиях глобализации рынка труда и расширения международных возможностей для выпускников технических вузов произошли существенные изменения в понимании содержания квалификации инженера. Современная модель квалификации включает высокие требования к иноязычной компетенции, формирование которой возможно только в условиях интенсификации и интеграции языкового обучения в образовательный процесс. Новое понимание места языковых дисциплин в профессиональной подготовке инженеров предполагает модернизацию существующих подходов к обучению.Современное состояние языковой подготовки в технических вузах, несмотря на активные поиски новых методов и подходов, не обеспечивает необходимой степени интеграции языковых дисциплин с дисциплинами профессионального цикла, способствующей комплексной подготовке инженера, отвечающей потребностям современного общества. В статье делается предположение о том, что формирование профессиональной иноязычной компетенции качественно нового вида возможно за счет включения в профессиональную подготовку инженеров массовых открытых онлайн курсов в качестве дидактического инструментария.
Lingua:russo
Pubblicazione: 2015
Soggetti:
Accesso online:http://www.moluch.ru/archive/89/18124/
Natura: Elettronico Capitolo di libro
KOHA link:https://koha.lib.tpu.ru/cgi-bin/koha/opac-detail.pl?biblionumber=641753

MARC

LEADER 00000naa0a2200000 4500
001 641753
005 20250402141514.0
035 |a (RuTPU)RU\TPU\network\6670 
090 |a 641753 
100 |a 20150601d2015 k||y0rusy50 ca 
101 0 |a rus 
102 |a RU 
135 |a drcn ---uucaa 
181 0 |a i  
182 0 |a b 
200 1 |a Языковая подготовка студентов технических вузов на основе интегрированного подхода к инженерному образованию  |f С. В. Рыбушкина 
203 |a Текст  |c электронный 
300 |a Заглавие с экрана 
320 |a [Библиогр.: с. 1179 (6 назв.)] 
330 |a В условиях глобализации рынка труда и расширения международных возможностей для выпускников технических вузов произошли существенные изменения в понимании содержания квалификации инженера. Современная модель квалификации включает высокие требования к иноязычной компетенции, формирование которой возможно только в условиях интенсификации и интеграции языкового обучения в образовательный процесс. Новое понимание места языковых дисциплин в профессиональной подготовке инженеров предполагает модернизацию существующих подходов к обучению.Современное состояние языковой подготовки в технических вузах, несмотря на активные поиски новых методов и подходов, не обеспечивает необходимой степени интеграции языковых дисциплин с дисциплинами профессионального цикла, способствующей комплексной подготовке инженера, отвечающей потребностям современного общества. В статье делается предположение о том, что формирование профессиональной иноязычной компетенции качественно нового вида возможно за счет включения в профессиональную подготовку инженеров массовых открытых онлайн курсов в качестве дидактического инструментария. 
461 |t Молодой ученый  |o ежемесячный научный журнал  |d 2008- 
463 |t № 9  |v [С. 1176-1179]  |d 2015 
610 1 |a электронный ресурс 
610 1 |a труды учёных ТПУ 
610 1 |a инженерное образование 
610 1 |a иностранные языки 
610 1 |a интегрированное обучение 
610 1 |a курсы 
700 1 |a Рыбушкина  |b С. В.  |c лингвист, специалист в области организации высшего профессионального образования  |c преподаватель Томского политехнического университета, ведущий эксперт  |f 1978-  |g Светлана Владимировна  |3 (RuTPU)RU\TPU\pers\30442  |9 14767 
712 0 2 |a Национальный исследовательский Томский политехнический университет (ТПУ)  |b Институт кибернетики (ИК)  |b Кафедра иностранных языков института кибернетики (ИЯИК)  |3 (RuTPU)RU\TPU\col\18707 
801 2 |a RU  |b 63413507  |c 20150601  |g RCR 
856 4 0 |u http://www.moluch.ru/archive/89/18124/ 
942 |c CF